Cuentos eslovacos de tradición oral

Salvato in:
Dettagli Bibliografici
Altri autori: Kovachova Rivera de Rosales, Valeria, Ulašin, Bohdan, Fráterová, Zuzana
Natura: Libro
Lingua:spagnolo
Pubblicazione: Madrid Ediciones Xorki 2012
Edizione:1. ed.
Serie:Cuentos y leyendas 2
Soggetti:
Tags: Aggiungi Tag
Nessun Tag, puoi essere il primo ad aggiungerne!!

MARC

LEADER 00000nam a2200000 4500
001 0167132
005 20240502083409.0
020 |a 978-84-940504-0-4 
041 0 |a spa 
044 |a ES 
245 1 0 |a Cuentos eslovacos de tradición oral  |c edición y traducción Valeria Kovachova Rivera de Rosales, Bohdan Ulašin, Zuzana Fráterová 
250 |a 1. ed. 
264 1 |a Madrid  |b Ediciones Xorki  |c 2012 
300 |a 241 s. [14 AH] 
490 1 |a Cuentos y leyendas  |v 2 
830 0 |a Cuentos y leyendas  |v 2 
610 2 0 |a literatúra 
610 2 0 |a preklady 
610 2 0 |a španielčina 
610 2 0 |a Slovensko 
700 1 |a Kovachova Rivera de Rosales, Valeria 
700 1 |a Ulašin, Bohdan 
700 1 |a Fráterová, Zuzana